LEADER 00577nam a2200169 i 4500 001 000000160829 003 CaOOAMICUS 005 20250729142749.0 008 070417s1946 it u000 u ita u 040 $aSeMil$bita 245 10$aVolume 2. 300 $a821 p. 773 0 $aSerao, Matilde <1856-1927>$tSerao.$dMilano : Garzanti, 1944-1946.$kRomanzi e racconti italiani dell'Ottocento$w()17631 850 $aSeMil 852 $aSeMil$W1$xVenegono$y1$m1B IV 10$j112278$B112278$CSeMilBibl$Z2$F122431 $81 996 $6245$aVolume 2$9(OLS)http://semarc/title/11564 LEADER 00905nam a2200241 i 4500 001 000000070021 003 CaOOAMICUS 005 20080609000000.0 008 080609s1978 fr u000 u fre u 013 $a41193 040 $aSeMil$bita 100 1 $aGregoire, François.$0(OLS)http://semarc/name/34894 245 14$aLes grandes doctrines morales /$cFrançois Gregoire. 250 $a7. éd. 260 $aParis :$bPUF,$c1978. 300 $a126 p. ;$c18 cm. 490 0 $aQue sais-je? : collection encyclopédique ;$v658 650 4$aEtica e morale.$0(OLS)http://semarc/subject/612 830 0$aQue sais-je? ;$v658.$0(OLS)http://semarc/title/19846 850 $aSeMil 852 $aSeMil$W1$xVenegono$y1$m2P I 486$j36174$B36174$CSeMilBibl$Z2$F36177 $81 996 $6245$aLes grandes doctrines morales$9(OLS)http://semarc/title/112298 996 $6260$aParis :$bPUF$9(OLS)http://semarc/publisher/30045